LIBRARY & INFORMATION CENTRE, KCAET, TAVANUR

ONLINE PUBLIC ACCESS CATALOGUE (OPAC)

Political History of China, 1840-1928 / (Record no. 693)

MARC details
000 -LEADER
fixed length control field 00382cam a2200145ua 4500
041 ## - LANGUAGE CODE
Language code of text/sound track or separate title eng
082 ## - DEWEY DECIMAL CLASSIFICATION NUMBER
Classification number 951
Item number LIC/PO
100 ## - MAIN ENTRY--AUTHOR NAME
Personal name Li Chien Nung, .
245 ## - TITLE STATEMENT
Title Political History of China, 1840-1928 /
260 ## - PUBLICATION, DISTRIBUTION, ETC. (IMPRINT)
Place of publication NewJersey :
Name of publisher D.Van Nostrand Company,Inc ,
Year of publication 1965.
300 ## - PHYSICAL DESCRIPTION
Number of Pages 545 ; .
942 ## - ADDED ENTRY ELEMENTS (KOHA)
Koha item type Books
Holdings
Withdrawn status Lost status Damaged status Home library Current library Date acquired Full call number Accession Number Koha item type
Withdrawn     KAUAET KAUAET 07/04/2012 951 10825 Books
free website counter